Analýza firemných rozhodnutí ovplyvňujúcich požiadavky na prepravné a logistické operácie

Analýza dlhodobých a krátkodobých rozhodnutí firiem, ktoré ovplyvňujú celkové požiadavky na prepravné a logistické služby. Strategicko-alokačné rozhodnutia a meniaci sa vplyv logisticko-prepravných faktorov na konečnú alokáciu výrobných facilít. Determinanty výberu konkrétnej dopravnej modality a mo...

Ausführliche Beschreibung

Gespeichert in:
Bibliographische Detailangaben
1. Verfasser: Lazový, Pavol
Weitere Verfasser: Némethyová, Lucia
Format: Buchkapitel
Sprache:Slowakisch
Schlagworte:
Tags: Tag hinzufügen
Keine Tags, Fügen Sie das erste Tag hinzu!

MARC

LEADER 00000nla$a2200000$$$4500
001 0060240
005 20240502071650.8
041 0 |a slo 
044 |a SK 
245 1 0 |a Analýza firemných rozhodnutí ovplyvňujúcich požiadavky na prepravné a logistické operácie  |c Pavol Lazový, Lucia Némethyová 
520 |a Analýza dlhodobých a krátkodobých rozhodnutí firiem, ktoré ovplyvňujú celkové požiadavky na prepravné a logistické služby. Strategicko-alokačné rozhodnutia a meniaci sa vplyv logisticko-prepravných faktorov na konečnú alokáciu výrobných facilít. Determinanty výberu konkrétnej dopravnej modality a možnosti implementácie intermodálnych riešení. 
610 2 0 |a doprava 
610 2 0 |a logistika 
610 2 0 |a rozhodovanie podnikové 
610 2 0 |a náklady 
610 2 0 |a konkurencia 
610 2 0 |a dodávatelia 
610 2 0 |a zákazníci 
610 2 0 |a siete cestné 
100 1 |a Lazový, Pavol 
700 1 |a Némethyová, Lucia